I have become the tide / (Record no. 167549)

MARC details
000 -LEADER
fixed length control field 00550nam a22001937a 4500
005 - DATE AND TIME OF LATEST TRANSACTION
control field 20190906160855.0
010 ## - LCCN (DPL NO)
LC control number ENG-126372
020 ## - INTERNATIONAL STANDARD BOOK NUMBER
International Standard Book Number 978-93-8679-738-4
Terms of availability 499.00
035 ## - SYSTEM CONTROL NUMBER
System control number EN-109904
037 ## - SOURCE OF ACQUISITION
Source of stock number/acquisition DBAD/PUB
082 ## - DEWEY DECIMAL CLASSIFICATION NUMBER
Classification number N
100 ## - MAIN ENTRY--PERSONAL NAME
Personal name Hariharan, Githa
245 ## - TITLE STATEMENT
Title I have become the tide /
Statement of responsibility, etc by Githa Hariharan
260 ## - PUBLICATION, DISTRIBUTION, ETC. (IMPRINT)
Name of publisher, distributor, etc Simon and Schuster
Date of publication, distribution, etc 2019
Place of publication, distribution, etc New Delhi
270 ## - ADDRESS
Address 818, Indraprakash Building,21, Barakhamba Road
City New Delhi
Postal code 110001
300 ## - PHYSICAL DESCRIPTION
Extent 332p.
Dimensions 23cm.(hb)
650 ## - SUBJECT ADDED ENTRY--TOPICAL TERM
Topical term or geographic name as entry element English Novel
942 ## - ADDED ENTRY ELEMENTS (KOHA)
Source of classification or shelving scheme Dewey Decimal Classification
Item type English Books
Classification part N
Call number suffix HAR
Holdings
Withdrawn status Lost status Not for loan Collection code Home library Current library Date acquired Source of acquisition Cost, normal purchase price Full call number Barcode Copy number Cost, replacement price Koha item type
      Fiction Ashok Vihar Ashok Vihar 06/09/2019 DBAD/PUB 499.00 N HAR EN-109904 1 499.00 English Books

© Delhi Public Library
Hit Counter
free hit counter